| 000 | 00887nam a2200253 i 4500 | ||
|---|---|---|---|
| 001 | 29904 | ||
| 003 | ES-MaACL | ||
| 007 | t| | ||
| 008 | 030123s1986 sp ||||1| spa d | ||
| 020 | _a84-205-1475-6 | ||
| 245 | 0 | 0 |
_aBases de la intervención en el lenguaje / _cdirigido por Richard L. Schiefelbusch ; versión española, J. Fernández Zulaica ; revisión María Angeles Quiroga Estévez. |
| 250 | _a1ª ed. | ||
| 260 |
_aMadrid : _bAlhambra, _c1986. |
||
| 300 |
_aVII, 383 p. ; _c24 cm. |
||
| 490 | 1 | _aAlhambra universidad. Ciencias y técnica | |
| 500 | _aIndice. | ||
| 504 | _aBibliografía. | ||
| 700 | 1 |
_aSchiefelbusch, Richard L. _9104338 |
|
| 700 | 1 |
_aFernández Zulaica, Jesús. _950198 |
|
| 700 | 1 |
_aQuiroga Estévez, María Angeles. _994782 |
|
| 830 | 0 |
_aAlhambra universidad. Ciencias y técnica _9183877 |
|
| 852 |
_aES-MaACL _jG-1532 |
||
| 999 |
_c29904 _d29904 |
||